[Event "FIDE World Cup-B playoff"]
[Site "Shenyang"]
[Date "2000.??.??"]
[Round "?"]
[White "Ivanchuk, Vassily"]
[Black "Short, Nigel D"]
[Result "1-0"]
[WhiteElo "2715"]
[BlackElo "2675"]
[Annotator "McShane,L"]
[PlyCount "45"]
[EventDate "2000.09.05"]
[EventType "match"]
[EventRounds "2"]
[EventCountry "CHN"]
[SourceTitle "CBM 079"]
[Source "ChessBase"]
[SourceDate "2000.11.21"]
[SourceVersion "1"]
[SourceVersionDate "2000.11.21"]
[SourceQuality "1"]

1. d4 e6 2. c4 b6 3. Nf3 Bb7 4. Nc3 Bb4 5. Qb3 Qe7 {Already the game has a
unique character. Knights before bishops? Keep the queens on the starting
squares?} 6. Bg5 f6 7. Bf4 g5 8. Bxc7 Nc6 9. Bg3 {Forced, as d6, incarcerating
the bishop, was threatened.} g4 10. Nd2 Nxd4 11. Qd1 {It seems Black has
easily got away with opening eccentricities. He has more pieces out, and a
more overtly aggressive position. But there is no obvious safe haven for the
king, whilst the knight on d4 is liable to be kicked. It soon becomes clear
who is in control.} h5 12. e4 Qg7 (12... e5 13. h3 h4 14. hxg4 $1 {is the
problem. The black rook needs protection. But Ivanchuk gets an extra tempo to
consolidate.}) 13. h3 h4 14. Bf4 e5 (14... g3 {seems less weakening, though
I'd still rather be White.}) 15. Be3 g3 16. f3 {White's central bind is
cemented and Black's weaknesses show up rapidly.} Bxc3 17. bxc3 Ne6 18. c5 $1
Nh6 (18... bxc5 19. Nc4 {and Nd6 is unstoppable.}) 19. Nc4 O-O 20. Nd6 Bc6 21.
Qd2 Kh7 22. cxb6 axb6 23. Bc4 {Black's resignation is perhaps a little
premature but things are very bleak. White will simply castle, win the b-pawn
and promote the a-pawn, making use of the wedge like knight on d6. Black has
no counterplay.} 1-0

[Event "Sao Paulo zt 2.4"]
[Site "Sao Paulo"]
[Date "2001.??.??"]
[Round "7"]
[White "Milos, Gilberto"]
[Black "Lima, Darcy Gustavo Macha"]
[Result "1/2-1/2"]
[WhiteElo "2608"]
[BlackElo "2550"]
[Annotator "Melao,H"]
[PlyCount "123"]
[EventDate "2001.06.07"]
[EventType "tourn"]
[EventRounds "9"]
[EventCountry "BRA"]
[EventCategory "8"]
[SourceTitle "CBM 082 Extra"]
[Source "ChessBase"]
[SourceDate "2001.07.03"]
[SourceVersion "1"]
[SourceVersionDate "2001.07.03"]
[SourceQuality "1"]

1. c4 b6 2. d4 Bb7 3. Nc3 e6 4. a3 (4. e4 Bb4 5. Bd3 f5 6. d5 fxe4 7. Bxe4 Nf6
$36) 4... f5 5. d5 Nf6 6. g3 Na6 7. Bg2 Nc5 {com lances pouco usuais, as
Pretas conseguem posição muito confortável, com peças ativas e pressão no
centro.} 8. Nh3 Bd6 9. O-O Be5 10. Qc2 (10. Na4 Nfe4 11. Nxc5 Nxc5 12. Qc2 O-O
13. Be3 Ne4 14. Rad1 Qe7 15. dxe6 dxe6 16. Ng5 Nd6 17. c5 bxc5 18. Bxb7 Nxb7
19. Qb3 Nd8 20. Nf3 Bd6 21. Bg5 Qe8 22. Rfe1 Nf7 23. e4 Rb8 24. Qc4 fxe4 {
Solozhenkin,E-Sharif,M/Bordeaux FRA 2001/The Week in Chess 336/1/2-1/2 (42)})
10... O-O 11. Nf4 $5 (11. Rd1 Qe7 12. Be3 Rab8 13. Rac1 Nce4 14. Nxe4 Nxe4 15.
Nf4 c5 16. dxc6 Bxc6 17. Nd3 Bf6 18. f3 Nc5 19. b4 Nxd3 20. Rxd3 d5 21. f4 dxc4
22. Qxc4 Bxg2 23. Kxg2 Rf7 24. b5 Re8 25. Rcd1 e5 26. Rd7 Qe6 27. Qxe6 Rxe6 28.
Kf3 exf4 29. gxf4 Rxd7 30. Rxd7 Re7 31. Rxe7 Bxe7 32. a4 Kf7 33. Bd4 Bd6 34. e4
g6 35. h3 Ke6 36. Bc3 Bc7 37. Bb4 Bd8 38. e5 {1/2-1/2 Kasparov,G-Morozevich,A/
Frankfurt 2000/CBM 78/[Stohl] (38)}) 11... Qe8 12. Bd2 (12. Be3 Bxc3 13. Qxc3
Nce4 14. Qc1 exd5 15. cxd5 Rc8 16. Bd4 Nxd5 17. Nxd5 Bxd5 18. f3 Nf6 19. e4
fxe4 20. fxe4 Nxe4 21. Rxf8+ Qxf8 22. Qc2 c5 23. Bxe4 Bxe4 24. Qxe4 cxd4 25.
Qd5+ Qf7 26. Qxd4 Rc2 {Borsuk,A-Miloradovic,J/Ulcinj 1998/EXT 99/1/2-1/2 (43)})
12... c6 13. dxe6 dxe6 14. Rad1 Rf7 15. b4 Ncd7 {[%csl Ga3,Gb4,Rb7,Gc4,Gf4,Gg2]
as Brancas concluíram a abertura com peças mais ativas e melhor coordenadas,
alguma vantagem de espaço na ala da Dama e possibilidade de ruptura por 'e4'.}
16. Nd3 Rd8 17. Qa4 $1 Bxc3 18. Bxc3 {[%csl Ye5]} Ne4 19. Ba1 c5 $5 {a posição
das Pretas está inferior, portanto o sacrifício do Peão para deixar a Dama
branca temporariamente fora de jogo e tentar alguma compensação está
justificado.} (19... a6 $5 {[%csl Rb6]} 20. f3 Nd6 21. Qb3 $16) 20. Qxa7 Bc6
21. b5 Ba8 22. Qa6 $6 ({o mais agressivo e provavelmente mais exato era} 22.
Qc7 $1 {[%csl Yd6,Ye5,Yf4]}) ({o mais prudente seria} 22. Qa4) 22... Nd6 $5 (
22... Nd2 23. Rxd2 $1 Bxg2 24. Kxg2 $1 Ra8 25. Nxc5 $1 Rxa6 26. Nxa6 $16) 23.
Bc6 Nxc4 24. Qa4 Na5 $2 (24... Nd6 $5) 25. Ne5 $18 Nxc6 26. Nxf7 Nd4 27. Rxd4
Qxf7 (27... cxd4 28. Nxd8 $18) 28. Rd6 Qe7 29. Rd2 (29. Rfd1 $5 Bd5 30. Qf4 g5
(30... e5 31. Bxe5 $1 $18) 31. Qd2 Kf7 (31... Qxd6 $2 32. Qxg5+ $18) 32. Rxd5
exd5 33. Qxd5+ $18) 29... Bd5 30. f3 Ra8 31. Qd1 Ra7 32. Re1 Nf6 33. e4 fxe4
34. fxe4 Bc4 (34... Nxe4 35. Rxd5 $18) (34... Bxe4 35. Bxf6 $18) 35. a4 $2 (35.
Bxf6 $1 Qxf6 36. a4 $18 {e as Brancas venceriam facilmente.}) 35... e5 $1 {
criando uma situação de bloquei difícil de ser vazada.} 36. Rd6 Nd7 37. Re3 h6
(37... Bxb5 38. axb5 Rxa1 39. Qxa1 Qxd6 40. Qa2+ Kf8 41. Rf3+ Nf6 42. Qc4 {
e dificilmente as Brancas poderiam vencer.}) 38. Bc3 Kh7 39. Rd2 Nf6 40. Re1
Nd7 41. Qc2 Bf7 42. Ra1 c4 $5 {[%csl Gb3,Gc4,Gc5,Gd3]} 43. Rdd1 (43. a5 Qc5+)
43... Bg6 44. Qf2 Rb7 45. Qe1 Qc5+ 46. Qf2 Qe7 47. Rab1 {й difícil encontrar
um plano ganhador para as Brancas.} Bxe4 48. Bb4 Qe8 49. Rbc1 Bd3 50. Qf3 e4
51. Qf5+ Qg6 52. Qxg6+ Kxg6 {as Brancas agora precisam se preocupar em salvar
a partida!} 53. Bc3 Nf6 54. Bd4 Nd5 55. Ra1 e3 56. Re1 e2 (56... Nb4 $5) 57.
Ra2 Re7 58. Kf2 Rf7+ 59. Kg2 Re7 60. Kf2 Rf7+ 61. Kg2 Re7 62. Kf2 1/2-1/2

[Event "Metz op 31th"]
[Site "Metz"]
[Date "2013.07.25"]
[Round "8"]
[White "Nisipeanu, Liviu Dieter"]
[Black "Bauer, Christian"]
[Result "1/2-1/2"]
[WhiteElo "2677"]
[BlackElo "2637"]
[Annotator "Metz Alekhine/Primel,D"]
[PlyCount "39"]
[EventDate "2013.04.20"]
[EventType "swiss"]
[EventRounds "9"]
[EventCountry "FRA"]
[SourceTitle "EXT 2016"]
[Source "ChessBase"]
[SourceDate "2015.10.08"]
[SourceVersion "1"]
[SourceVersionDate "2015.10.08"]
[SourceQuality "1"]
[TimeControl "40/5400:1800+30"]
[WhiteClock "1:30:00"]
[BlackClock "1:30:00"]

1. d4 e6 2. c4 b6 3. e4 Bb7 {Ce système n'a pas très bonne réputation
théorique mais le français a écrit une monographie sur la défense 1.c4 b6}
4. Bd3 (4. d5) 4... Nc6 (4... f5 {[%cal Gb7g2] Plus risqué}) 5. Ne2 Nb4 6.
Nbc3 Nxd3+ 7. Qxd3 Bb4 (7... Ne7 8. O-O d6) (7... g6 8. h4 Nf6 9. e5 Nh5 10. d5
d6 11. g4 Ng7 12. Bf4 Qd7 13. O-O-O O-O-O 14. Bg5 Be7 15. Bf6 Rhg8 16. Nb5 dxe5
17. Bxe5 Ne8 18. Qb3 exd5 19. cxd5 Kb8 20. Nec3 Bd6 21. Nxd6 Nxd6 22. f3 h5 23.
Qb4 Rge8 24. Bf6 Rc8 25. Rhe1 Ba6 26. Qf4 Rxe1 27. Rxe1 Re8 28. Rxe8+ Nxe8 29.
Bd4 Nd6 30. a4 Bc8 31. gxh5 gxh5 32. Be5 Nf5 33. a5 Qe7 34. axb6 axb6 35. Ne4
Kb7 36. d6 Qxh4 37. Qxh4 {Smirnov,P (2610)-Bocharov,D (2620) Novosibirsk 2012
1/2-1/2}) 8. O-O Bxc3 9. Nxc3 Ne7 10. d5 {[%csl Rb7] La poussée thématique
pour enfermer le Bb7} O-O 11. Bg5 $146 (11. Be3 f5 12. f3 fxe4 13. fxe4 Rxf1+
14. Rxf1 Ng6 15. b3 Qe7 16. Bd2 c6 17. Qd4 e5 18. Qd3 Rf8 19. Rxf8+ Nxf8 20.
Be3 c5 21. Qf1 d6 22. Qf5 a6 23. Qg5 Qc7 24. h4 Bc8 25. h5 h6 26. Qg3 Kf7 27.
a4 Qd7 28. Qh4 Ke8 29. Ne2 Qg4 30. Qxg4 Bxg4 31. Ng3 Nd7 32. a5 bxa5 33. Bd2 a4
34. bxa4 Nb6 35. Kf2 Nxc4 36. Bc3 Kf7 37. Nf1 Bxh5 38. Ne3 Nxe3 39. Kxe3 Bd1
40. a5 Kg6 {Feller,S (2570)-Chernyshov,K (2534) Harkany 2009 0-1}) 11... f6 12.
Bf4 d6 $1 13. dxe6 Bc8 14. Bg3 Bxe6 $132 15. Rfe1 Nc6 16. b3 f5 17. exf5 Nb4
18. Qd2 Bxf5 19. Nd5 Nxd5 20. Qxd5+ 1/2-1/2

[Event "Bundesliga 0304"]
[Site "Germany"]
[Date "2003.11.02"]
[Round "2.8"]
[White "Meins, Gerlef"]
[Black "Gross, Georg"]
[Result "1-0"]
[WhiteElo "2454"]
[BlackElo "2316"]
[Annotator "Meyer,CD/Meins"]
[PlyCount "53"]
[EventDate "2003.11.01"]
[EventType "team-tourn"]
[EventRounds "15"]
[EventCountry "GER"]
[SourceTitle "EXT 2004"]
[Source "ChessBase"]
[SourceDate "2003.11.25"]
[SourceVersion "1"]
[SourceVersionDate "2003.11.25"]
[SourceQuality "1"]
[WhiteTeam "Werder Bremen"]
[BlackTeam "St Ingbert"]
[WhiteTeamCountry "GER"]
[BlackTeamCountry "GER"]

{SPRINGER-TANGO} 1. d4 Nc6 2. c4 ({Ob} 2. d5 {vorzuziehen ist, mag
Geschmackssache sein, jedenfalls soll Weiß hier nach} Ne5 3. e4 e6 4. f4 Ng6 5.
dxe6 dxe6 {bzw. fxe6 jeweils mit dem Standardaufbau} 6. Bd3 {nebst Nf3,Qe2,Nc3,
Bd2,0-0-0 und meist plus g2-g3 leichten Vorteil erhalten.}) 2... e5 ({Oder} 
2... Nf6 {, und wir haben die Ausgangsstellung des sogenannten "Black Knights
Tango" (Tschebanenko), der auch zu Bildern wie in unserer Partie führen kann.})
({Im übrigen hatte Schwarz noch die Wahl, mit} 2... d5 {zur
Tschigorin-Verteidigung überzuleiten.}) 3. d5 Nce7 4. Nc3 (4. e4 Ng6 5. Be3
Bb4+ 6. Nd2 Nf6 7. f3 Qe7 8. Ne2 Bc5 $13 {R. Stern - I. Teran Alvarez,
Rotterdam 1998, 0:1/53.}) 4... Ng6 5. a3 $5 {Die geläufigeren Fortsetzungen
sind 5.g3, 5.e4 und 5.Nf3. Mit dem interessanten Textzug beugt Weiß Bb4 vor
und macht im Folgenden die Aktivierung des schwarzfeldrigen Läufers überhaupt
problematisch.} a5 (5... Nf6 6. Nf3 d6 7. e3 $14) 6. Nf3 Nf6 (6... Bc5 $6 {
kann mit} 7. Ne4 $1 {angesprungen werden, z.B.} Qe7 (7... Be7 {/Ba7} 8. d6) 8.
h4 $1 h5 9. Bg5) 7. Rb1 {[#]} Bc5 $2 ({Das spielt dem Gegner nur in die Hände,
einsichtiger war jetzt das passive, aber feste} 7... d6 {, obwohl nach z.B.} 8.
Qc2 Be7 9. e3 O-O 10. Bd3 $14 a4 (10... c6) 11. h4 {der Anziehende etwas mehr
vom Spiel hatte, G. Meins - M. Muse, Bundesliga 1995/96, 1:0/43.}) 8. b4 Ba7 $2
({Die Konstellation Ba7/Ra8 erweist sich als unglücklich. Trotz Tempoverlust
war} 8... axb4 9. axb4 Be7 10. e3 d6 {das geringere Übel.}) 9. d6 $1 {Ein
geschicktes Hemmungsopfer lähmt den Damenflügel: Als Preis für seinen
Läuferausfall wird Schwarz sobald nicht zu d7-d6 kommen.} O-O 10. Bg5 axb4 $2 {
Die Öffnung der a-Linie - wenngleich nach ...a5 eine fast automatische
Reaktion - erweist sich nun als fatal.} (10... cxd6 11. e3 $16) 11. axb4 {[#]}
cxd6 {Alternativen, z.B.:} ({Angesichts seiner schon mißlichen Lage wäre
Schwarz mit} 11... e4 $5 {(12.Nxe4?? Nxe4) nebst wilden Komplikationen
vielleicht besser beraten gewesen, um bei Gelegenheit ebenfalls mit einem
Hemmungsopfer, nämlich e4-e3, zu stören. Dennoch sollte Weiß seinen Vorteil
behaupten können, z.B.:} 12. Nd5 $5 (12. Nd4 e3 $5 (12... c5 13. bxc5 e3 14.
Bxe3 Bxc5 15. Ne6 $1 dxe6 16. Bxc5 $16) 13. fxe3 (13. Bxe3 $6 Ng4 $1) 13... h6
(13... c5 14. Nf5 h6 15. Ne7+ Nxe7 16. dxe7 Qxe7 17. Nd5 Qe5 18. Bf4 Qh5 19.
Nc7 Rb8 20. Ra1 $18) 14. dxc7 Qxc7 15. Bxf6 gxf6 16. Qb3 Qe5 17. Nd5 Bxd4 18.
exd4 Qxd4 19. Rd1 Qe5 20. e3 $16) 12... c6 (12... exf3 $2 13. Bxf6 $18) 13.
Bxf6 gxf6 14. Nc7 Rb8 (14... exf3 $2 15. Nxa8 $18) 15. Nd4 $16 e3 16. fxe3 Bb6
17. c5 Bxc7 18. Nf5 $1 b6 19. Qd4) (11... c5 12. Nd5 cxb4 13. Bxf6 gxf6 14. Ra1
$16) (11... h6 12. Bxf6 Qxf6 13. dxc7 Qb6 14. e3 Qxc7 15. Ra1 $16) 12. e3 ({
Wirft die positionelle Drohung Nd5 auf, aber bloß nicht} 12. Nd5 $4 Ne4 (12...
Bxf2+) 13. Be3 (13. Bxd8 Bxf2#) 13... Bxe3 14. fxe3 f5) 12... h6 (12... d5 13.
Nxd5 d6 14. Nd2) 13. Bxf6 Qxf6 14. Ra1 $1 {Macht die schlechte Koordination
der schwarzen Figuren deutlich.} e4 (14... Ne7 15. Nb5 Nc6 16. Be2) 15. Nd5 ({
Zielstrebiger als} 15. Nxe4 {, was freilich auch gut war.}) 15... Qd8 (15...
Qb2 16. Nd4) 16. Nd4 {"White Knights Tango"! [#]} Bxd4 ({Verzweiflung, aber
nach} 16... Ne7 {siegt Weiß wahlweise:} {oder} 17. Nb5 (17. Nxe7+ Qxe7 18. Nb5
Qf6 (18... d5 19. c5) 19. Ra4 {pariert ...Bxe3 und droht Qa1+-}) 17... Nxd5 18.
cxd5 (18. Qxd5 $2 Qf6) 18... Qf6 19. Ra4 $18) 17. Rxa8 $18 Be5 18. Be2 Ne7 19.
O-O Kh7 20. g3 f5 21. Nxe7 Qxe7 22. Qd5 Qd8 23. c5 Qf6 24. cxd6 Bxd6 25. Rc1
Qb2 26. Qd1 f4 27. exf4 1-0

[Event "EU-ch (Women) 18th"]
[Site "Riga"]
[Date "2017.04.22"]
[Round "11"]
[White "Goryachkina, Aleksandra"]
[Black "Paehtz, Elisabeth"]
[Result "1/2-1/2"]
[WhiteElo "2452"]
[BlackElo "2454"]
[Annotator "Mikhalchishin,A"]
[PlyCount "70"]
[EventDate "2017.04.11"]
[EventType "swiss"]
[EventRounds "11"]
[EventCountry "LAT"]
[SourceTitle "CBM 178"]
[Source "ChessBase"]
[SourceDate "2017.05.14"]
[SourceVersion "1"]
[SourceVersionDate "2017.05.14"]
[SourceQuality "1"]

{The main duel with the medal winner happened in the last round.} 1. d4 e6 2.
c4 b6 3. e4 Bb7 4. Bd3 Bb4+ 5. Bd2 ({Maybe it really is better to avoid
exchanging the pieces, as this process makes Black's life easier!} 5. Kf1 Be7
6. Nc3 d6 7. Nf3 Nf6 8. g3 O-O 9. Kg2 Nbd7 10. Qe2 c5 11. d5 Re8 12. Rd1 {
(37) So,W (2744)-Jobava,B (2713) Bergamo 2014, with some space problems for
Black.} Bf8 13. dxe6 fxe6 14. Bc2 a6 15. Bf4 Qc7 16. Rd2 Ne5 17. Rad1 Bc6 18.
Bxe5 dxe5 19. Ba4 {So,W (2744)-Jobava,B (2713) Bergamo 2014, with a clear
advantage.}) 5... Bxd2+ 6. Nxd2 {This capture has been criticised, but the
other one does not promise too much either.} (6. Qxd2 f5 7. Nc3 fxe4 8. Bxe4
Bxe4 9. Nxe4 Nf6 10. Ng3 c5 11. Nf3 Nc6 12. O-O cxd4 13. Nxd4 Nxd4 14. Qxd4 Qc7
15. Rad1 Qc5 16. Qd3 O-O 17. Rd2 Rf7 {Bacrot,E (2718)-Ivanchuk,V (2704)
Beijing 2014, and Black got a tenable position without real problems.}) 6... d6
{An old solid setup, slightly passive but nowadays similar variations are
becoming popular.} 7. Ngf3 ({A more agressive attitude was} 7. Ne2 c5 (7... Nd7
8. O-O e5 9. f4) 8. d5 e5 9. O-O Nd7 10. Nc3 Ne7 11. g3 Ng6 12. f4 exf4 13.
gxf4 Qf6 14. Qf3 Qd4+ 15. Kh1 Nde5 16. fxe5 Nxe5 17. Qf4 Qxd3 18. Nb5 {
Bunzmann,D (2390)-Oral,T (2455) Budapest 1998, with strong threats.}) 7... Nd7
8. O-O e5 9. d5 (9. c5 dxc5 10. dxe5 Qe7 11. Nc4 Nh6 12. h3 O-O-O 13. a4 $13)
9... a5 10. Bc2 Ne7 11. a3 O-O 12. b4 h6 13. Nb3 f5 ({It was possible to
consider} 13... axb4 14. axb4 Rxa1 15. Qxa1 c6 16. dxc6 Bxc6 17. Qa7 (17. Rd1
Qc7) 17... Nc8 $13) 14. exf5 Nxf5 (14... axb4 {seemed to be safer:} 15. axb4
Rxa1 16. Qxa1 Nxf5 17. Qc3 Nh4 $11) 15. bxa5 bxa5 16. Rb1 Bc8 ({It was
interesting to sacrifice a pawn here:} 16... Ba6 17. Nxa5 Nc5 18. Qe2 Nh4 $13)
17. a4 ({The knight transfer to e4 was not bad:} 17. Nbd2) 17... Nh4 ({There
was also the interesting materialistic option:} 17... Nb6 18. Qd3 Nxa4 19. Ra1
Bd7 20. c5 Be8 $1) 18. Nxh4 Qxh4 19. Qd3 Nf6 20. Nd2 Ba6 21. f4 (21. g3 Qd4 22.
Qxd4 exd4 23. Bf5 Kh8 $11) 21... Rae8 (21... exf4 $5 22. Nf3 (22. Ne4 $2 Ng4
23. h3 Ne5 $19) 22... Qg4 23. Nd4 Rab8 24. Ne6 f3 25. Qxf3 Qxf3 26. gxf3 Rfc8 {
[%csl Gc4] x Pc4}) 22. g3 (22. fxe5 $142 dxe5 23. h3) 22... Qh5 23. Ne4 $2 {
White wants to launch an attack, but a much more solid try was} (23. fxe5 Rxe5
24. Rf5 $11) 23... Ng4 $2 (23... exf4 {was much better:} 24. Nxf6+ Rxf6 25.
Rxf4 Rxf4 26. gxf4 Bc8 $17) 24. h4 $1 g6 25. Rbe1 ({A more precise move was} 
25. fxe5 Nxe5 26. Qc3 Nd7 $11) 25... Bc8 $2 (25... exf4 {was very good:} 26.
Bd1 Re5 27. Qc3 g5 28. Nf2 Bc8 $15) 26. fxe5 $2 ({The pin} 26. Bd1 $1 {would
be very dangerous.}) 26... Nxe5 27. Qc3 Kg7 28. c5 $1 Rf3 29. Qb2 $2 (29. Rxf3
Qxf3 30. Re3 Qf8 $11) 29... Ref8 $6 ({Big problems for White would arise after
} 29... Bf5 30. Rxf3 Qxf3 31. Bd1 Qd3 32. Bc2 Qc4 $17) 30. Rxf3 Qxf3 31. cxd6
cxd6 32. Bd1 Qd3 33. Bc2 Qf3 34. Bd1 Qd3 35. Bc2 Qf3 1/2-1/2

[Event "World Women-ch k.o."]
[Site "Khanty-Mansiysk"]
[Date "2012.11.16"]
[Round "2.2"]
[White "Ushenina, Anna"]
[Black "Muzychuk, Anna"]
[Result "1-0"]
[WhiteElo "2452"]
[BlackElo "2586"]
[Annotator "Mikhalchishin,A"]
[PlyCount "57"]
[EventDate "2012.11.11"]
[EventType "k.o."]
[EventRounds "6"]
[EventCountry "RUS"]
[SourceTitle "CBM 152"]
[Source "ChessBase"]
[SourceDate "2013.01.15"]
[SourceVersion "1"]
[SourceVersionDate "2013.01.15"]
[SourceQuality "1"]

1. d4 e6 2. c4 Bb4+ 3. Nd2 b6 4. a3 Bxd2+ 5. Qxd2 {A strange choice by
Muzychuk. White gets the bishop pair for nothing and the results in MegaBase
are simply catastrophic for Black.} Bb7 6. e3 ({It was possible to try to
control the e4-square immediately by} 6. f3 f5 7. e3 Nf6 8. Bd3 O-O 9. Ne2 Nc6
10. O-O Qe7 11. b4 a5 12. b5 Nd8 13. a4 Nf7 14. Ba3 d6 15. c5 $1 {Ivanchuk,V 
(2787)-Graf,A (2574)/Merida 2007; opening the position for the bishop pair.})
6... Nf6 (6... d6 7. b3 Nd7 8. Bb2 Ngf6 9. f3 d5 10. Bd3 O-O 11. Ne2 c5 12. O-O
Re8 13. cxd5 Bxd5 14. Bc2 cxd4 15. e4 Bb7 16. Nxd4 b5 17. Rfd1 Qb6 18. Qf2 Rac8
19. Rac1 a6 20. Ne2 Qxf2+ 21. Kxf2 {Gurevich,M (2633)-Winants,L (2497)/
Charleroi 2001. With a huge advantage in the endgame.}) 7. f3 ({Not bad is} 7.
Nf3 O-O 8. Be2 d6 9. O-O Ne4 10. Qc2 f5 11. b4 Nd7 12. Bb2 Qe7 13. Rad1 c5 14.
Ne1 cxd4 15. exd4 Rac8 16. f3 Nef6 17. Qb3 Kh8 18. Nc2 f4 19. Rfe1 Qf7 20. Bf1
Rfe8 21. a4 e5 {Vera Gonzalez Quevedo,R (2490)-Ibragimov,I (2605)/Buenos Aires
2005. Black has some chances for counterplay.}) 7... d5 8. b4 ({Also possible
was the slightly more timid treatment} 8. b3 O-O 9. Nh3 c5 10. Bb2 Nbd7 11. Be2
Qe7 12. O-O Rfd8 13. Rfe1 cxd4 14. exd4 Rac8 15. Bf1 Qd6 16. Qe3 Rc7 17. a4
dxc4 18. bxc4 Rcc8 19. Nf2 Ba6 20. Rec1 {1-0 Cebalo,M (2485)-Ellers,H (2405)/
Biel 1997/CBM 060 ext (26)}) 8... O-O 9. Bb2 Nbd7 10. Rc1 ({Simple devlopment
was possible} 10. Nh3) 10... Re8 {Black prepares the counterstrike in the
centre, e6-e5.} ({It was possible to play more actively:} 10... a5 11. b5 Rc8
12. Bd3 dxc4 13. Bxc4 c5) 11. Nh3 ({It was possible to fight against the black
plan in a different way:} 11. Be2 e5 12. dxe5 Nxe5 13. cxd5 Bxd5 14. e4 Nxe4
15. fxe4 Qh4+ 16. Kf1 Bxe4 17. Bxe5 Rxe5 18. Nf3) 11... Rc8 ({It was better to
conduct the prepared plan} 11... e5 12. cxd5 e4 13. Nf2 Bxd5 14. Be2 c6) 12. c5
$1 {Now Black will suffer because the lack of space.} c6 13. Be2 bxc5 ({
Still it was necessary to continue with her own plan:} 13... e5 14. O-O Qe7 15.
Nf2 e4 16. f4 {with a big space advantage.}) 14. dxc5 $5 {A very aggressive
approach, the more normal continuation} (14. bxc5 e5 15. O-O e4 16. f4 {
led to the same advantage for White.}) 14... e5 15. O-O Nf8 16. Nf2 Rc7 ({
It was better to try to control the a-file:} 16... a5) 17. Qc2 Ng6 18. g3 ({
It was very good was to try to create a passed pawn on the other side:} 18. a4)
18... Nh5 19. Qf5 {White repeats the position just one time.} Nf6 20. Qc2 Nh5
21. f4 $1 exf4 $2 {Desperation, but after the retreat the position was
completely passive.} (21... Nf6 22. Bd3 $16) 22. exf4 Nhxf4 {Black bluffs, but
in vain.} ({Once more it was necessary to retreat:} 22... Nf6 23. Bd3 Nf8 24.
a4) 23. gxf4 Nxf4 24. Bg4 Ba6 25. Rfe1 Rce7 26. Qd2 $2 ({The only mistake, the
correct move was} 26. Rxe7 Qxe7 27. Qd2 Qg5 28. Kh1 Re2 29. Re1 $1) 26... h5 $2
({Correct was} 26... Ne2+ 27. Bxe2 Rxe2 28. Rxe2 Rxe2 29. Qd4 Qg5+ 30. Kh1 f6 {
with the unpleasant threat of ...Qf5.}) 27. Rxe7 Qxe7 28. Qxf4 Qe1+ 29. Rxe1
1-0